000 01593cam a22004574i 4500
003 PE-LiUPU
005 20250731173508.0
008 150710s r 000 0 d
020 _a0800786246
035 _a(Sirsi) i9780800786243
040 _aPE-LiUPU
_bspa
_cPE-LiUPU
_erda
049 _aPRUA
082 0 4 _a269.2
_bC71
_221
100 1 _aColeman, Robert Emerson,
_d1928- ,
_eautor.
245 1 4 _aThe Master Plan of Evangelism /
_cRobert E. Coleman ; prólogo por Billy Graham ; introducción por Paul S. Rees.
264 1 _aGrand Rapids, Michigan :
_bSpire,
_c1994.
300 _a142 páginas ;
_c18 cm.
336 _atext
_2rdacontent
337 _aunmediated
_2rdamedia
338 _avolume
_2rdacarrier
504 _aIncluye bibliografía.
505 0 _aSelection -- Association -- Consecration -- Impartation -- Demonstration -- Delegation -- Supervision -- Reproduction Gospel..
526 _aSEG42
526 _aSEG41
526 _aSEG40
526 _aSEG39
526 _aP94
526 _aP87
526 _aP86
526 _aP85
526 _aP77
526 _aP76
526 _aP35
600 1 _aJesucristo
_xMétodos evangelísticos
942 _2ddc
_cBOOK
949 _a269.2 C71
_wDEWEY
_c1
_i40563
_lCCODEBUL1
_mBUL
_r0
_sY
_tBOOK
_u2015-7-10
_xTEOLOGIA
_PP35
_0COMPRA
_o.STAFF. Colección General
994 _aC0
_bPEPRU
596 _a1
999 _a269.2 C71
_wDEWEY
_c58347
_i40563
_f2021-11-10
_g5
_lCCODEBUL1
_mBUL
_r0
_sY
_tBOOK
_u2015-7-10
_xTEOLOGIA
_PP35
_0COMPRA
_o.STAFF. Colección General
_d58347
980 _81
_gALBERTO SANCHEZ Responsable de Automatización